Online Catalogue and eLibrary

A Hymn to Creation : (Record no. 858)

MARC details
000 -LEADER
fixed length control field 00243nam a2200097Ia 4500
008 - FIXED-LENGTH DATA ELEMENTS--GENERAL INFORMATION
fixed length control field 240331s9999 xx 000 0 und d
082 ## - DDC Classification
Class No. 291.082
Item Number - Author Mark HYM
100 ## - MAIN ENTRY--PERSONAL NAME
Personal name Logo. ed
245 #2 - TITLE STATEMENT
Title A Hymn to Creation :
Remainder of title Essays in Women And Religion
942 ## - Koha item type (Biblio)
Koha item type Books in Stacks (Lending)
Holdings
Lost status Damaged status Collection code Home library Current library Shelving location Date acquired Full call number Accession Number Item type
    Lending WERC Library WERC Library Social Science Cupboard 03/31/2024 291.082 HYM 201 Books in Stacks (Lending)

© WERC Library